000 01147nam0a22002771 4500
001 rc\1657652
005 20260407065344.0
035 _a(NLR Aleph) 005282728
090 _a6114538
_c6114538
100 _a20061002d1890 |||y0rusy50 ca
101 0 _arus
102 _aRU
105 _ac z |||a|
200 1 _aГуттаперчевый мальчик
_eПовесть
_eС портр. авт., [резанным на дереве худ. В.В. Матэ]
_f[Соч.] Д.В. Григоровича
205 _a5-е изд.
210 _aСанкт-Петербург
_cН.Г. Мартынов
_d1890
215 _a63 с., 1 л. портр.
_d22
700 1 _8rus
_7ca
_aГригорович
_bД. В.
_f1822-1900
_gДмитрий Васильевич
_3RU\NLR\AUTH\7716014
_9125659
702 1 _4040
_8rus
_7ca
_aМатэ
_bВ. В.
_cгравер
_f1856-1917
_gВасилий Васильевич
_3RU\NLR\AUTH\7753398
_936330
801 0 _aRU
_bNLR
_c20061002
_gpsbo
801 0 _aRU
_bRuMoRGB
_c20061002
_2psbo
801 1 _aRU
_bProSoft-M
_c20061002
_2rusmarc
801 2 _aRU
_bNLR
_c20130813
_2rusmarc
852 _aNLR
_j18.277.2.133
942 _cBOOK
980 _aNB